| 000 | 00741cam a22002654a 4500 | ||
|---|---|---|---|
| 999 |
_c4939 _d4939 |
||
| 001 | 42692133 | ||
| 003 | OCoLC | ||
| 005 | 20181218105313.0 | ||
| 008 | 991012s2000 tnu 000 0deng | ||
| 010 | _a99053145 | ||
| 020 | _a0785268596 (pbk.) | ||
| 040 |
_aDLC _cDLC _dUKM |
||
| 042 | _apcc | ||
| 043 | _an-us-ca | ||
| 082 |
_a289.94 _bB261C |
||
| 092 |
_a289.94 _bB261C |
||
| 100 | 1 | _aBarnett, Matthew | |
| 245 | 1 | 4 |
_aThe church that never sleeps / _cMatthew Barnett |
| 260 |
_aNashville : _bT. Nelson Publishers, _cc2000 |
||
| 300 |
_axvii, 202 p. ; _c21 cm |
||
| 600 | 1 | 0 | _aBarnett, Matthew |
| 610 | 2 | 0 | _aLos Angeles International Church (Los Angeles, Calif.) |
| 651 | 0 |
_aLos Angeles (Calif.) _xChurch history |
|
| 942 |
_2ddc _cBK |
||